000 01079nam a22002537a 4500
003 OSt
005 20250912154312.0
008 240208b ||||| |||| 00| 0 eng d
040 _c0
082 _aDPer 621.381 In821 April 2022 v. 37 n. 4
100 _aXu, Xiaorui.
_eauthor.
_952064
245 _aA novel thyristor-based bidirectional SSCB with controllable current breaking capability /
_cXiaorui Xu, Wanjun Chen, Chao Liu, Ruize Sun, Fangzhou Wang, Zhaoji Li, and Bo Zhang.
260 _aNew York ;
_bThe Institute of Electrical and Electronics Engineers, Inc. ,
_cApril 2022.
300 _aVolume 37, pages 4526-4534 :
_billustration ;
_c28 cm.
500 _aIEEE Transaction on Power Electronics, vol. 37, no. 4, pages 4526-4534, April 2022.
700 _aXu, Xiaorui.
_eauthor.
_952064
700 _aChen, Wanjun.
_eauthor.
_952065
700 _aLiu, Chao.
_eauthor.
_952066
700 _aSun, Ruize.
_eauthor.
_952067
700 _aWang, Fangzhou.
_eauthor.
_952068
700 _aLi, Zhaoji.
_eauthor.
_952069
700 _aZhang, Bo.
_eauthor.
_952070
942 _2ddc
_cPER
999 _c19052
_d19052